00362 2200157 4500245004300000020002200043250001100065100001700076700001700093005001900110260003000129041001400159084000800173300001400181336000900195 aTendangan Si MaduncKay ArikuntohText a978-602-242-029-3 aCet. 1 aKay Arikunto aRomy Hernadi a20240926083224 aBandungbDAR! Mizanc2012 aIndonesia a813 a104 hlm : atext